Campeões nacionais-Morte Subita - Statistics

Estatísticas Gerais
  • Esse quiz foi jogado 167 vezes
  • A pontuação média é 4 de 15
Answers on the Grid
Answers color-coded by a green-red scale on the quiz's grid according to % correct below.
Juazeirense
America SP
Marica
América RN
Flamengo PI
Piaui
Juventus
Ceará
Avaí
Altos
Mirassol
Madureira
Olaria
Bangu
Central
São Raimundo
Santos
Paulista
Santo André
Tuna Luso
G.E. Novorizontino
Confiança
Bragantino
Guarani
Retro
Gremio Barueri
Sampaio Correa
Maranhão
Goiania
Luverdense
 
Estatísticas das Respostas
Resposta % Correto
Santos
73%
Guarani
53%
Santo André
52%
Paulista
38%
Bragantino
36%
Avaí
33%
Sampaio Correa
32%
Mirassol
24%
América RN
20%
Juventus
17%
Tuna Luso
15%
Olaria
11%
Retro
8%
G.E. Novorizontino
5%
São Raimundo
3%
Nenhum quiz correspondente encontrado
Distribuição das Pontuações
Porcentagem de Pessoas com Cada Pontuação
Percentil de Números Respondidos
Sua Pontuação Histórica
Você não jogou esse quiz